[Event "24th NATO Chess Championship"]
[Site "Rynia"]
[Date "2013.08.14"]
[Round "5.25"]
[White "Voroblievas, Arturas"]
[Black "Wells, Daniel J"]
[Result "1-0"]
[WhiteElo "1857"]
[BlackElo "2023"]
[PlyCount "61"]
[EventDate "2013.08.??"]
[EventType "swiss"]
[EventRounds "7"]
[EventCountry "POL"]
[WhiteTeam "LTU"]
[BlackTeam "ENG"]
[WhiteTeamCountry "LTU"]
[BlackTeamCountry "ENG"]

1. e4 c5 2. Nf3 Nc6 3. d4 cxd4 4. Nxd4 Nf6 5. Nc3 e5 6. Ndb5 d6 7. Bg5 a6 8.
Bxf6 gxf6 9. Na3 b5 10. Nd5 f5 11. c3 Bg7 12. Bd3 Be6 13. Qh5 Rb8 14. Nc2 f4
15. g3 Bxd5 16. exd5 Ne7 17. Be4 Ng6 18. Nb4 Qb6 19. Nc6 Rb7 20. O-O O-O 21. a4
Qc5 22. a5 fxg3 23. hxg3 f5 24. Bxf5 Qxd5 25. Nb4 Qc4 26. Bd3 Qe6 27. Be4 Rbf7
28. Bd5 Qc8 29. Rad1 Kh8 30. Bxf7 Rxf7 31. Rxd6 1-0

[Event "24th NATO Chess Championship"]
[Site "Rynia"]
[Date "2013.08.14"]
[Round "5.26"]
[White "Andersen, Hans Christoph"]
[Black "Morrison, Munroe L"]
[Result "1-0"]
[WhiteElo "2238"]
[BlackElo "1851"]
[PlyCount "67"]
[EventDate "2013.08.??"]
[EventType "swiss"]
[EventRounds "7"]
[EventCountry "POL"]
[WhiteTeam "GER"]
[BlackTeam "ENG"]
[WhiteTeamCountry "GER"]
[BlackTeamCountry "ENG"]

1. f4 d5 2. Nf3 Nf6 3. e3 Bg4 4. h3 Bxf3 5. Qxf3 c5 6. g4 e6 7. Bg2 Nc6 8. b3
Be7 9. Bb2 Ne4 10. O-O Nb4 11. Qd1 Bf6 12. Qc1 Ng3 13. Rf2 Bh4 14. Bxg7 Rg8 15.
Bb2 f5 16. g5 h6 17. gxh6 Qe7 18. Qd1 O-O-O 19. d3 d4 20. exd4 cxd4 21. Ba3 a5
22. Nd2 Rg6 23. Nf3 Nh5 24. Nxh4 Qxh4 25. Bxb4 axb4 26. Qf3 Rd7 27. Raf1 Rxh6
28. a3 Rg6 29. axb4 Rg3 30. Qe2 Qxh3 31. Rf3 Rxg2+ 32. Qxg2 Rg7 33. Rxh3 Rxg2+
34. Kxg2 1-0

[Event "24th NATO Chess Championship"]
[Site "Rynia"]
[Date "2013.08.14"]
[Round "5.28"]
[White "Nielsen, Jan Mose"]
[Black "Csizmadia, Csaba"]
[Result "1-0"]
[WhiteElo "2081"]
[BlackElo "1855"]
[PlyCount "73"]
[EventDate "2013.08.??"]
[EventType "swiss"]
[EventRounds "7"]
[EventCountry "POL"]
[WhiteTeam "DEN"]
[BlackTeam "HUN"]
[WhiteTeamCountry "DEN"]
[BlackTeamCountry "HUN"]

1. e4 c5 2. d4 cxd4 3. c3 Nc6 4. Nf3 a6 5. a4 d5 6. exd5 Qxd5 7. cxd4 e5 8. Nc3
Bb4 9. dxe5 Qxd1+ 10. Kxd1 Bxc3 11. bxc3 Bg4 12. Bf4 O-O-O+ 13. Kc2 Nge7 14.
Bg3 Ng6 15. Bd3 Bxf3 16. Bf5+ Kb8 17. e6+ Nge5 18. gxf3 fxe6 19. Bxe6 Ka8 20.
f4 Rhe8 21. fxe5 Rxe6 22. f4 g6 23. Rhd1 Rde8 24. Rd7 R6e7 25. Rad1 Kb8 26. Bh4
Rxd7 27. Rxd7 h6 28. Rg7 g5 29. fxg5 hxg5 30. Rxg5 Kc7 31. Bg3 Kd7 32. Kd3 Ke6
33. Ke4 Ne7 34. Rh5 Rc8 35. Rh6+ Kf7 36. Kd3 Nf5 37. Rf6+ 1-0

[Event "24th NATO Chess Championship"]
[Site "Rynia"]
[Date "2013.08.14"]
[Round "5.29"]
[White "Hernandez, Albertryan"]
[Black "Ross, David C"]
[Result "1-0"]
[WhiteElo "2077"]
[BlackElo "1802"]
[PlyCount "103"]
[EventDate "2013.08.??"]
[EventType "swiss"]
[EventRounds "7"]
[EventCountry "POL"]
[WhiteTeam "USA"]
[BlackTeam "NATO"]
[WhiteTeamCountry "USA"]

1. d4 Nf6 2. Nf3 e6 3. g3 d5 4. Bg2 Be7 5. O-O O-O 6. c4 dxc4 7. Qc2 b5 8. a4
Bb7 9. axb5 Nbd7 10. Bf4 Nd5 11. Qxc4 Nxf4 12. gxf4 Nb6 13. Qd3 Nd5 14. e3 Qd6
15. Nbd2 Nf6 16. Nc4 Qd8 17. Na5 Be4 18. Qc3 Qd5 19. Ne1 Bxg2 20. Nxg2 Qxb5 21.
Qxc7 Bb4 22. Qc6 Qh5 23. Qa6 Qf3 24. Qb7 Qxb7 25. Nxb7 Rfc8 26. Rfc1 a5 27. Kf1
Ne4 28. Ke2 g6 29. Ne1 Bd2 30. Rxc8+ Rxc8 31. f3 Bxe1 32. fxe4 Bb4 33. Kd3 Rc7
34. Nxa5 Ra7 35. Nb3 Rc7 36. Ra4 Be7 37. Rc4 Rb7 38. Kc3 Kg7 39. Nc5 Ra7 40. d5
exd5 41. exd5 Bf6+ 42. Kb3 Ra8 43. e4 Rb8+ 44. Rb4 Rxb4+ 45. Kxb4 Bxb2 46. Kb5
Kf8 47. Kc6 Bc1 48. Nd3 Bd2 49. d6 Ba5 50. Kd7 f6 51. e5 fxe5 52. fxe5 1-0

[Event "24th NATO Chess Championship"]
[Site "Rynia"]
[Date "2013.08.14"]
[Round "5.31"]
[White "Akman, Serkan"]
[Black "Chwieseni, Edward"]
[Result "1-0"]
[WhiteElo "1948"]
[BlackElo "1754"]
[PlyCount "27"]
[EventDate "2013.08.??"]
[EventType "swiss"]
[EventRounds "7"]
[EventCountry "POL"]
[WhiteTeam "TUR"]
[BlackTeam "ENG"]
[WhiteTeamCountry "TUR"]
[BlackTeamCountry "ENG"]

1. d4 Nf6 2. c4 e6 3. Nf3 d5 4. Nc3 Bb4 5. e3 Ne4 6. Qc2 Bxc3+ 7. bxc3 b6 8.
Bd3 Bb7 9. Ba3 Qf6 10. cxd5 exd5 11. c4 Qc6 12. Ne5 Qf6 13. cxd5 Bxd5 14. Bxe4
1-0

[Event "24th NATO Chess Championship"]
[Site "Rynia"]
[Date "2013.08.14"]
[Round "5.32"]
[White "Pos, Nicolaas"]
[Black "Bellemare, Regis"]
[Result "1-0"]
[WhiteElo "1884"]
[BlackElo "1814"]
[PlyCount "52"]
[EventDate "2013.08.??"]
[EventType "swiss"]
[EventRounds "7"]
[EventCountry "POL"]
[WhiteTeam "NATO"]
[BlackTeam "CAN"]
[BlackTeamCountry "CAN"]

1. e4 c5 2. Nf3 d6 3. d4 cxd4 4. Nxd4 Nf6 5. Nc3 g6 6. f3 Bg7 7. Be3 O-O 8. Qd2
Nc6 9. O-O-O Bd7 10. g4 Qa5 11. Nb3 Qd8 12. Bh6 Ne5 13. Nd4 Qa5 14. Bxg7 Kxg7
15. h4 h5 16. gxh5 Nxh5 17. Rg1 Rac8 18. f4 Nc4 19. Bxc4 Rxc4 20. Qe2 Rxc3 21.
bxc3 Nxf4 22. Qe3 Nh5 23. Rg5 Qxa2 24. Rdg1 Rc8 25. Rxh5 Qa1+ 26. Kd2 Qxg1 1-0

[Event "24th NATO Chess Championship"]
[Site "Rynia"]
[Date "2013.08.14"]
[Round "5.33"]
[White "Rosseel, Kimball"]
[Black "Ulusoy, Mustafa"]
[Result "1/2-1/2"]
[WhiteElo "1827"]
[BlackElo "1696"]
[PlyCount "85"]
[EventDate "2013.08.??"]
[EventType "swiss"]
[EventRounds "7"]
[EventCountry "POL"]
[WhiteTeam "BEL"]
[BlackTeam "NATO"]
[WhiteTeamCountry "BEL"]

1. d4 d5 2. Nf3 g6 3. g3 Bg7 4. Bg2 c6 5. O-O Nf6 6. b3 O-O 7. c4 Re8 8. Bb2
Nbd7 9. Nbd2 e6 10. Qc2 dxc4 11. Nxc4 Qc7 12. e4 Nb6 13. Nfe5 Nxc4 14. Qxc4 Nd7
15. f4 Nxe5 16. fxe5 b5 17. Qc2 Qb6 18. Kh1 Bb7 19. Rf3 Rac8 20. Raf1 Re7 21.
Qf2 Rcc7 22. Ba3 b4 23. Bc1 Ba6 24. Rd1 Red7 25. Be3 Bxe5 26. d5 c5 27. g4 Bd4
28. Bxd4 cxd4 29. Rf6 Rd6 30. e5 Rd8 31. d6 Rcd7 32. Qxd4 Qxd4 33. Rxd4 Rc8 34.
Bf1 Rc1 35. Kg2 Bb7+ 36. Kg1 a5 37. Rf2 Ba6 38. Kg2 Bb7+ 39. Kg3 g5 40. h3 Re1
41. Be2 Rg1+ 42. Kh2 Rh1+ 43. Kg3 1/2-1/2

[Event "24th NATO Chess Championship"]
[Site "Rynia"]
[Date "2013.08.14"]
[Round "5.34"]
[White "Giedraitis, Mingaudas"]
[Black "Ozturk, Ali"]
[Result "0-1"]
[WhiteElo "1817"]
[BlackElo "1763"]
[PlyCount "86"]
[EventDate "2013.08.??"]
[EventType "swiss"]
[EventRounds "7"]
[EventCountry "POL"]
[WhiteTeam "LTU"]
[BlackTeam "NATO"]
[WhiteTeamCountry "LTU"]

1. e4 c5 2. Nf3 d6 3. c3 Nf6 4. d3 Nc6 5. Be2 g6 6. O-O Bg7 7. Be3 O-O 8. h3
Qc7 9. Qd2 Rd8 10. Bh6 Bh8 11. Qe3 e5 12. Na3 a6 13. Rac1 b5 14. Ng5 Qe7 15.
Qg3 Be6 16. Nxe6 Qxe6 17. b3 d5 18. f4 exf4 19. Qxf4 dxe4 20. Rce1 exd3 21.
Bxd3 Qd7 22. Be2 Nd5 23. Qg5 Bxc3 24. Rd1 Bd4+ 25. Kh1 Nc3 26. Bg4 Qd5 27. Rf5
Qxf5 28. Bxf5 Nxd1 29. Bc2 Nf2+ 30. Kh2 Re8 31. Qd5 Re6 32. Qd7 Rae8 33. Nb1
Nb4 34. Na3 Bb2 35. Nxb5 axb5 36. Bb1 Re1 37. a3 Bxa3 38. h4 R1e7 39. Qd2 Ng4+
40. Kh3 Nxh6 41. Qxh6 Re1 42. Bxg6 hxg6 43. Kh2 Bc1 0-1

[Event "24th NATO Chess Championship"]
[Site "Rynia"]
[Date "2013.08.14"]
[Round "5.35"]
[White "Deneyer, Frank"]
[Black "Patron, Pascal"]
[Result "1-0"]
[WhiteElo "1825"]
[BlackElo "1978"]
[PlyCount "51"]
[EventDate "2013.08.??"]
[EventType "swiss"]
[EventRounds "7"]
[EventCountry "POL"]
[WhiteTeam "NATO"]
[BlackTeam "FRA"]
[BlackTeamCountry "FRA"]

1. f4 e5 2. fxe5 d6 3. exd6 Bxd6 4. Nf3 Bg4 5. e4 Qe7 6. Nc3 Nf6 7. d3 Nc6 8.
Be3 Nh5 9. Nd5 Qd7 10. Be2 f5 11. Qd2 O-O-O 12. O-O-O h6 13. g3 Qe6 14. Nd4
Nxd4 15. Bxg4 fxg4 16. Bxd4 c6 17. Nc3 Bb4 18. Bxa7 Bxc3 19. Qxc3 Qxa2 20. Bb6
Rd7 21. Kd2 Nf6 22. Qb4 Qe6 23. Ra1 Rd6 24. Ra8+ Kd7 25. Rxh8 Nxe4+ 26. Kc1 1-0

[Event "24th NATO Chess Championship"]
[Site "Rynia"]
[Date "2013.08.14"]
[Round "5.36"]
[White "Lambruschini, Alex"]
[Black "Bublys, Vaidotas"]
[Result "0-1"]
[WhiteElo "1811"]
[BlackElo "1822"]
[PlyCount "64"]
[EventDate "2013.08.??"]
[EventType "swiss"]
[EventRounds "7"]
[EventCountry "POL"]
[WhiteTeam "CAN"]
[BlackTeam "LTU"]
[WhiteTeamCountry "CAN"]
[BlackTeamCountry "LTU"]

1. d4 Nf6 2. c4 g6 3. Nc3 Bg7 4. e4 d6 5. Nf3 O-O 6. Be2 e5 7. d5 c6 8. h3 cxd5
9. cxd5 a6 10. a4 Nbd7 11. b4 Nh5 12. g4 Nf4 13. Bxf4 exf4 14. Rc1 Ne5 15. Nxe5
Bxe5 16. h4 Bd7 17. Na2 Rc8 18. Rxc8 Qxc8 19. g5 Qe8 20. a5 f5 21. gxf6 Rxf6
22. f3 Ba4 23. Qb1 Rf7 24. Bd1 Rc7 25. Bxa4 Qxa4 26. Kd2 Qa3 27. Rf1 Qe3+ 28.
Kd1 Rc4 29. Nc1 Rd4+ 30. Kc2 Qd2+ 31. Kb3 Qxb4+ 32. Kc2 Rd2# 0-1

[Event "24th NATO Chess Championship"]
[Site "Rynia"]
[Date "2013.08.14"]
[Round "5.37"]
[White "Stuhr, Finn"]
[Black "Langer, Herb"]
[Result "1/2-1/2"]
[WhiteElo "1737"]
[BlackElo "1721"]
[PlyCount "65"]
[EventDate "2013.08.??"]
[EventType "swiss"]
[EventRounds "7"]
[EventCountry "POL"]
[WhiteTeam "NATO"]
[BlackTeam "CAN"]
[BlackTeamCountry "CAN"]

1. e4 c5 2. Nf3 d6 3. d4 cxd4 4. Nxd4 a6 5. Bd3 Nc6 6. Nf3 Nf6 7. Bf4 e5 8. Bg5
Be7 9. Nc3 Be6 10. Qd2 O-O 11. a3 Rc8 12. O-O Qb6 13. Be3 Qc7 14. Rac1 b5 15.
Rfd1 Rfd8 16. Ng5 d5 17. Nxe6 fxe6 18. exd5 exd5 19. Bf5 d4 20. Bxc8 Qxc8 21.
Bxd4 Nxd4 22. Qe3 Qg4 23. Rd3 Bd6 24. f3 Qf5 25. Ne4 Nxe4 26. fxe4 Qg4 27. Rf1
Bc5 28. Kh1 Rc8 29. b4 Be7 30. c3 Qe2 31. Rf2 Qxe3 32. Rxe3 Ne6 33. Rd3 1/2-1/2

[Event "24th NATO Chess Championship"]
[Site "Rynia"]
[Date "2013.08.14"]
[Round "5.38"]
[White "Tikerpuu, Mati"]
[Black "Lord, Daniel"]
[Result "1-0"]
[WhiteElo "1950"]
[BlackElo "1607"]
[PlyCount "61"]
[EventDate "2013.08.??"]
[EventType "swiss"]
[EventRounds "7"]
[EventCountry "POL"]
[WhiteTeam "EST"]
[BlackTeam "CAN"]
[WhiteTeamCountry "EST"]
[BlackTeamCountry "CAN"]

1. b4 Nc6 2. b5 Na5 3. e3 b6 4. Bb2 Bb7 5. f4 e6 6. Nf3 Nf6 7. Be2 Be7 8. O-O
a6 9. a4 d5 10. d3 c6 11. Nc3 Ng4 12. Qc1 Bf6 13. Nd4 c5 14. Nxe6 fxe6 15. Bxg4
d4 16. Ne4 Bxe4 17. dxe4 Nc4 18. Bxe6 Nxb2 19. Qxb2 dxe3 20. e5 Qd4 21. Qxd4
cxd4 22. exf6 gxf6 23. Rfd1 Rd8 24. bxa6 Ke7 25. Bc4 Rd6 26. Kf1 f5 27. Rab1 h5
28. Rb5 Kf6 29. Rd5 Rhd8 30. Rxd6+ Rxd6 31. a7 1-0

[Event "24th NATO Chess Championship"]
[Site "Rynia"]
[Date "2013.08.14"]
[Round "5.39"]
[White "Reinup, Hannes"]
[Black "Hale, Katie"]
[Result "0-1"]
[WhiteElo "1600"]
[BlackElo "1583"]
[PlyCount "118"]
[EventDate "2013.08.??"]
[EventType "swiss"]
[EventRounds "7"]
[EventCountry "POL"]
[WhiteTeam "EST"]
[BlackTeam "ENG"]
[WhiteTeamCountry "EST"]
[BlackTeamCountry "ENG"]

1. e4 e6 2. d4 d5 3. Nc3 Nf6 4. Bg5 Be7 5. e5 Nfd7 6. h4 c5 7. Bb5 a6 8. Bxd7+
Bxd7 9. Nf3 cxd4 10. Nxd4 Bxg5 11. hxg5 Qxg5 12. Qh5 Qxg2 13. O-O-O Qxf2 14.
Rhf1 Qe3+ 15. Kb1 g6 16. Qf3 Qxf3 17. Rxf3 Nc6 18. Nxc6 Bxc6 19. Rf6 Ke7 20.
Rd4 h5 21. Rh4 g5 22. Rh2 Rag8 23. Ne2 h4 24. Ng1 g4 25. Rf4 h3 26. Kc1 Rh5 27.
Rhf2 Rg7 28. Nxh3 Rxh3 29. Rg2 d4 30. Rgxg4 Rxg4 31. Rxg4 Rh1+ 32. Kd2 Rd1+ 33.
Kxd1 Bf3+ 34. Kd2 Bxg4 35. Kd3 Bf5+ 36. Kxd4 Bxc2 37. Kc5 f6 38. exf6+ Kxf6 39.
Kd4 Kf5 40. Ke3 Be4 41. a3 Bc6 42. b3 e5 43. a4 e4 44. Ke2 Kf4 45. Kf2 e3+ 46.
Ke2 b5 47. a5 Bd5 48. b4 Bc4+ 49. Ke1 e2 50. Kf2 Ke4 51. Ke1 Kd3 52. Kf2 Kd2
53. Kg2 e1=Q 54. Kh2 Qf2+ 55. Kh3 Qg1 56. Kh4 Be2 57. Kh3 Ke3 58. Kh4 Kf4 59.
Kh3 Qg3# 0-1

[Event "24th NATO Chess Championship"]
[Site "Rynia"]
[Date "2013.08.14"]
[Round "5.40"]
[White "Tremblay, Mario"]
[Black "Allmann, Lauri"]
[Result "0-1"]
[WhiteElo "1466"]
[BlackElo "1900"]
[PlyCount "62"]
[EventDate "2013.08.??"]
[EventType "swiss"]
[EventRounds "7"]
[EventCountry "POL"]
[WhiteTeam "CAN"]
[BlackTeam "EST"]
[WhiteTeamCountry "CAN"]
[BlackTeamCountry "EST"]

1. e4 c5 2. Nc3 Nc6 3. f4 d5 4. e5 Nh6 5. Nf3 Bg4 6. Bb5 a6 7. Bxc6+ bxc6 8.
O-O Qb6 9. h3 Bxf3 10. Qxf3 Nf5 11. Ne2 e6 12. c3 h5 13. Ng3 g6 14. Nxf5 gxf5
15. d3 Be7 16. Rb1 Kd7 17. Be3 d4 18. Bf2 Rab8 19. b4 a5 20. bxc5 Qxb1 21. Rxb1
Rxb1+ 22. Kh2 dxc3 23. d4 c2 24. Be3 h4 25. Qe2 c1=Q 26. Bxc1 Rxc1 27. Qa6 Bd8
28. Qb7+ Bc7 29. Qb2 Rf1 30. d5 Rb8 31. Qe2 Rbb1 0-1

[Event "24th NATO Chess Championship"]
[Site "Rynia"]
[Date "2013.08.14"]
[Round "5.41"]
[White "Geerts, Luc"]
[Black "Habakuk, Mikk"]
[Result "1-0"]
[WhiteElo "1617"]
[BlackElo "1500"]
[PlyCount "121"]
[EventDate "2013.08.??"]
[EventType "swiss"]
[EventRounds "7"]
[EventCountry "POL"]
[WhiteTeam "BEL"]
[BlackTeam "EST"]
[WhiteTeamCountry "BEL"]
[BlackTeamCountry "EST"]

1. d4 d5 2. c4 c6 3. Nc3 Nf6 4. Nf3 Na6 5. cxd5 cxd5 6. Ne5 Nc7 7. Bg5 e6 8.
Bxf6 Qxf6 9. Qa4+ Kd8 10. e3 Bd6 11. Nf3 Bd7 12. Qb3 b6 13. Be2 h5 14. h4 Qg6
15. O-O-O f6 16. g3 Rc8 17. Bd3 Qe8 18. Kb1 Qe7 19. Rc1 Rb8 20. Nd2 Qe8 21. e4
b5 22. Qc2 b4 23. Ne2 a5 24. Nb3 a4 25. Nc5 b3 26. Qc3 bxa2+ 27. Kxa2 dxe4 28.
Bxe4 Nb5 29. Qd3 Nc7 30. Nb7+ Rxb7 31. Bxb7 Nd5 32. Bxd5 exd5 33. Nc3 Qf7 34.
Qa6 Ke7 35. Rhe1+ Be6 36. Nxd5+ Kf8 37. Qa8+ Qe8 38. Qxe8+ Kxe8 39. Rxe6+ Kd7
40. Re2 Rb8 41. Rc3 Rb5 42. Ne3 Rb4 43. Rc4 Rxc4 44. Nxc4 Bb8 45. Nb6+ Kd6 46.
Nxa4 Kd5 47. Rd2 Ba7 48. Nc3+ Kc4 49. d5 Bd4 50. Rxd4+ Kxd4 51. d6 g5 52. d7
Ke5 53. d8=Q Kf5 54. Qd3+ Kg4 55. hxg5 fxg5 56. Qe2+ Kh3 57. Qxh5+ Kg2 58. Qxg5
Kxf2 59. Qf4+ Kg2 60. g4 Kh3 61. g5 1-0